00932 a2200145 4500003000500000005001700005040000900022082001400031100001500045245006900060260003200129300001100161505058700172650002700759Nust20221027111033.0 cNust a621.3,WAL aWall, T.F. aTest papers and Solutions on Electrical Engineering /cT.F. Wall aLondonbGeorge Newnesc1947 a 312:p aFundamentals Units (Page-1), Structure of Atom (Page-7), Coulombs Law (Page-29), Capacitance (Page-39), Current Distributors and networks (Page-63), Thermo Electricity (Page-78), Magnetism (Page-91), Electromagnetism (Page-114), Alternating Currents (Page-129), Oscillating Systems (Page-148), Single Phase and Three Phase Alternating current systems (Page-176), Some graphical Methods (Page-190), Non sinusoidal Wave from (Page-213), The Penetration of alternating magnetic (Page-229), Propagation of electric energy (Page-249), The Propagation of electromagnetic waves (Page-289). aElectrical Engineering